000 00226nam a2200097Ia 4500
008 170619s9999 xx 000 0 und d
100 _aGureja Gopal K
245 0 _aCreating Customer Value
260 _bNew Delhi: TMH
260 _c1997
546 _aENGLISH
999 _c16469
_d16469